Online
Catalog

Constitución de la República Dominicana : (Record no. 37284)

MARC details
000 -CABECERA
campo de control de longitud fija 00739nam a2200205 a 4500
001 - NÚMERO DE CONTROL
campo de control 000037794
005 - FECHA Y HORA DE LA ÚLTIMA TRANSACCIÓN
campo de control 20201002031120.0
008 - DATOS DE LONGITUD FIJA--INFORMACIÓN GENERAL
campo de control de longitud fija 100219s2008 dr a 000 0 spa d
040 ## - FUENTE DE LA CATALOGACIÓN
Centro catalogador/agencia de origen DO-SdBNP
Lengua de catalogación spa
Centro/agencia transcriptor BNPHU
082 ## - NÚMERO DE LA CLASIFICACIÓN DECIMAL DEWEY
Número de clasificación 342.729302
Número de documento/Ítem R426c, 2008
110 1# - ENTRADA PRINCIPAL--NOMBRE DE ENTIDAD CORPORATIVA
Nombre de entidad corporativa o nombre de jurisdicción como elemento de entrada República Dominicana.
9 (RLIN) 447
240 13 - TÍTULO UNIFORME
Título uniforme Constitución (2002)
245 10 - MENCIÓN DE TÍTULO
Título Constitución de la República Dominicana :
Resto del título proclamada el 25 de noviembre de 2002.
260 ## - PUBLICACIÓN, DISTRIBUCIÓN, ETC.
Lugar de publicación, distribución, etc. Santo Domingo :
Nombre del editor, distribuidor, etc. Cámara de Diputados,
Fecha de publicación, distribución, etc. 2008.
300 ## - DESCRIPCIÓN FÍSICA
Extensión 68 p. ;
Dimensiones 22 cm.
590 ## - NOTA LOCAL (RLIN)
Nota local Inventariado, 2018/ YL
651 #4 - PUNTO DE ACCESO ADICIONAL DE MATERIA--NOMBRE GEOGRÁFICO
Nombre geográfico República Dominicana
Subdivisión general Constitución (2002{Rpara}
9 (RLIN) 10514
651 #4 - PUNTO DE ACCESO ADICIONAL DE MATERIA--NOMBRE GEOGRÁFICO
Nombre geográfico República Dominicana
Subdivisión geográfica Derecho Constitucional
9 (RLIN) 449
910 ## - DATOS DE OPCIÓN DEL USUARIO (OCLC)
Datos de opción del usuario Validado. Control de calidad MFF
Holdings
Estado de retiro Estado de pérdida No para préstamo Código de colección Localización permanente Ubicación/localización actual Ubicación en estantería Fecha de adquisición Número de inventario Total de préstamos Signatura topográfica completa Código de barras Fecha visto por última vez Precio válido a partir de Tipo de ítem Koha Número de copia Restricciones de uso
    Excluido de préstamo Patrimonio Dominicano Patrimonio Dominicano Patrimonio Dominicano Depósito 06.03.2013 LF1   342.729302 R426c, 2008 37794-10 25.06.2020 25.06.2020 Libro y Folleto Colección Patrimonio Dominicano    
    Excluido de préstamo Patrimonio Dominicano Patrimonio Dominicano Patrimonio Dominicano Depósito 10.06.2013 LF1   342.729302 R426c, 2008 37794-20 25.06.2020 25.06.2020 Libro y Folleto Colección Patrimonio Dominicano e. 2  
      Dominicana de Servicio Patrimonio Dominicano Patrimonio Dominicano Depósito 15.07.2013 LF1   342.729302 R426c, 2008 37794-30 25.06.2020 25.06.2020 Libro y Folleto Colección Dominicana de Servicio e. 3  
      Dominicana de Servicio Patrimonio Dominicano Patrimonio Dominicano Depósito 17.07.2013 LF1   342.729302 R426c, 2008 37794-40 25.06.2020 25.06.2020 Libro y Folleto Colección Dominicana de Servicio e. 4 Préstamo interno
      Dominicana de Servicio Patrimonio Dominicano Patrimonio Dominicano Depósito 17.07.2013 LF1   342.729302 R426c, 2008 37794-50 25.06.2020 25.06.2020 Libro y Folleto Colección Dominicana de Servicio e. 5 Préstamo interno

Powered by Koha